1332 1851 1322 1995 1554 1423 1516 1547 1482 1718 1539 1605 1705 1484 1310 1165 1826 1537 1471 1606 1295 1105 1586 1856 1739 1576 1035 1872 1931 1078 1393 1883 1258 1366 1951 1754 1001 1057 1512 1655 1487 1528 1411 1262 1755 1583 1584 1367 1886 1572 1705 1082 1184 1293 1052 1948 1177 1061 1876 1932 1665 1779 1981 1091 1879 1703 1988 1290 1926 1870 1530 1518 1292 1296 1904 1799 1743 1817 1722 1589 1571 1183 1076 1732 1056 1980 1418 1294 1077 1879 1819 1549 1253 1283 1274 1576 1163 1404 1233 BCNSPRNW ULIB Ver.6.0+V

เปลี่ยนเป็นภาษาไทย

Change to English
 แสดงรายละเอียดบรรณานุกรม
  กลับหน้าหลัก

Brief Record : Get Marc (ISO 2709) : E-mail record : QR code < ปิดหน้าต่าง
LEADER : 00000nam 2200000uu 4500
001    13399125372
003     ULIB
008    170514s||||||||th 000 0 tha d
020    ^a9786160822911
050  0 ^aQT613.71^bก121พ
100  0  ^aกณิกนันต์ บานชื่น.
245  1  ^aพลศึกษาเพื่อพัฒนาสุขภาพ/^cผู้แต่ง กณิกนันต์ บานชื่น, หริลักษณ์ บานชื่น.
250    ^aพิมพ์ครั้งที่ 1.
260    ^aกรุงเทพฯ :^bซีเอ็ดยูเคชั่น,^c2559.
300    ^a368 หน้า :^bภาพประกอบ ;^c26 ซม.
505  0  ^aหลักการเสริมสร้างสมรรถภาพทางกาย -- อาหารและโภชนาการเสริมสร้างสมรรถภาพทางกาย -- การทดสอบสมรรถภาพทางกาย -- ความอ้วนกับดัชนีมวลกาย -- หลักการและรุปแบบการออกำลังกายด้วยกีฬา -- เกม กายบริหาร การออกกำลังกาย และการเล่นกีฬา -- ประวัติและความเป็นมาของกีฬาฟุตซอล -- ทักษะการเคลื่อนที่และการสร้างความคุ้นเคยกับลูกฟุตซอล -- ทักษะพื้นฐานการเล่นกีฬาฟุตซอล -- กติการการแข่งขันกีฬาฟุตซอล -- การออกำลังกายอย่างเหมาะสมภายใต้หลักความพอเพียง.
650    7 ^aสมรรถภาพทางกาย.
650    7 ^aการออกกำลังกาย.
650    7 ^aพลศึกษา.
650    7 ^aฟุตซอล.
650    7 ^aพฤติกรรมสุขภาพ.
650    7 ^aการดูแลสุขภาพด้วยตนเอง.
700  0  ^aหริลักษณ์ บานชื่น.
945    ^p153^l0^i23978
945    ^p153^l0^i23979
945    ^p153^l0^i23980
945    ^p153^l0^i23981
995    ^กัณชพร
999    ^aกัณชพร
รายการนี้ยังไม่มีแท็ก
คุณยังไม่ได้ล็อกอิน คุณสามารถมีกิจกรรมร่วมกับเว็บไซต์ได้ แต่ต้องล็อกอินก่อน ::
  ล็อกอิน

รายการสื่อสารสนเทศ

ลำดับที่ ประเภท เลขเรียก/บาร์โค้ด สถานที่ สถานะ
1. หนังสือสำรอง
หนังสือสำรอง
สถานะ=หนังสือเก่า
QT613.71 ก121พ ฉ.1 
  Barcode: 23978
ห้องสมุดวิทยาเขตนครสวรรค์
►ส่วนจัดเก็บหนังสือเก่า นว.
บนชั้น
  ขอยืม
2. วิทยาศาสตร์การแพทย์ และสุขภาพ
วิทยาศาสตร์การแพทย์ และสุขภาพ
สถานะ=หนังสือเก่า
QT613.71 ก121พ ฉ.2 
  Barcode: 23979
ห้องสมุดวิทยาเขตนครสวรรค์
►ส่วนจัดเก็บหนังสือเก่า นว.
บนชั้น
  ขอยืม
3. วิทยาศาสตร์การแพทย์ และสุขภาพ
วิทยาศาสตร์การแพทย์ และสุขภาพ
สถานะ=หนังสือเก่า
QT613.71 ก121พ ฉ.3 
  Barcode: 23980
ห้องสมุดวิทยาเขตนครสวรรค์
►ส่วนจัดเก็บหนังสือเก่า นว.
บนชั้น
  ขอยืม
4. วิทยาศาสตร์การแพทย์ และสุขภาพ
วิทยาศาสตร์การแพทย์ และสุขภาพ
สถานะ=หนังสือเก่า
QT613.71 ก121พ ฉ.4 
  Barcode: 23981
ห้องสมุดวิทยาเขตนครสวรรค์
►ส่วนจัดเก็บหนังสือเก่า นว.
บนชั้น
  ขอยืม

BibComment


ยังไม่เคยถูกคอมเมนท์

คอมเมนท์ทรัพยากรรายการนี้
  คอมเมนท์: พลศึกษาเพื่อพั..


 Copyright 2026. Bcnsprnw @Library